[Event "3. Hrvatska liga zapad 2017."]
[Site "Pula, Gospić, Rijeka"]
[Date "2017.03.26"]
[Round "3.5"]
[White "Mazuran, Marijan"]
[Black "Troselj, Teo"]
[Result "1/2-1/2"]
[WhiteElo "2092"]
[BlackElo "2065"]
[PlyCount "25"]
[EventDate "2017.03.25"]

1. d4 d5 2. Nf3 Nf6 3. c4 c6 4. cxd5 cxd5 5. Nc3 Nc6 6. Bf4 a6 7. e3 Bf5 8. Bd3
Bxd3 9. Qxd3 e6 10. O-O Bd6 11. Bxd6 Qxd6 12. Rac1 O-O 13. Rfd1 1/2-1/2

[Event "3. Hrvatska liga zapad 2017."]
[Site "Pula, Gospić, Rijeka"]
[Date "2017.03.26"]
[Round "3.5"]
[White "Birk, Bojan"]
[Black "Piacun, Eduard"]
[Result "1/2-1/2"]
[WhiteElo "1980"]
[BlackElo "1952"]
[PlyCount "23"]
[EventDate "2017.03.25"]

1. e4 c6 2. d4 d5 3. Nc3 dxe4 4. Nxe4 Bf5 5. Ng3 Bg6 6. Nf3 Nd7 7. Bd3 Bxd3 8.
Qxd3 Ngf6 9. O-O Qc7 10. Be3 e6 11. Rfe1 Bd6 12. c4 1/2-1/2

[Event "3. Hrvatska liga zapad 2017."]
[Site "Pula, Gospić, Rijeka"]
[Date "2017.04.08"]
[Round "4.1"]
[White "Rukavina, Damir"]
[Black "Franciskovic, Vinko"]
[Result "1/2-1/2"]
[WhiteElo "2256"]
[BlackElo "2058"]
[PlyCount "82"]
[EventDate "2017.03.25"]

1. Nf3 g6 2. g3 Bg7 3. d4 d6 4. Bg2 Nd7 5. O-O Ngf6 6. b3 O-O 7. Bb2 c6 8. Nbd2
Qc7 9. e4 Re8 10. Re1 Nf8 11. h3 Bd7 12. c4 Nh5 13. e5 f5 14. Qe2 d5 15. cxd5
cxd5 16. Rec1 Qb6 17. Ne1 e6 18. Qe3 f4 19. gxf4 Bh6 20. Nd3 Bb5 21. Bf3 Ng7
22. Bg4 Bxd3 23. Qxd3 Bxf4 24. h4 Re7 25. Rc2 Rf7 26. Nf3 Qd8 27. Kg2 g5 28. h5
Nf5 29. Kh3 Rc8 30. Rg1 h6 31. Re1 Nd7 32. Ree2 Rxc2 33. Rxc2 Qf8 34. Kg2 Nb8
35. a3 Nc6 36. Rc3 Qg7 37. Rc2 Qf8 38. Kh3 Qc8 39. Re2 Qf8 40. Rc2 Qe8 41. Qe2
Qf8 1/2-1/2

[Event "3. Hrvatska liga zapad 2017."]
[Site "Pula, Gospić, Rijeka"]
[Date "2017.04.08"]
[Round "4.1"]
[White "Beric, Zeljko"]
[Black "Zoricic, Marijan"]
[Result "1-0"]
[WhiteElo "1918"]
[BlackElo "2051"]
[PlyCount "35"]
[EventDate "2017.03.25"]

1. e4 e5 2. Nf3 Nc6 3. Bc4 Bc5 4. b4 Bxb4 5. c3 Be7 6. d4 Nf6 7. dxe5 Nxe4 8.
Qd5 O-O 9. Qxe4 d6 10. exd6 Bxd6 11. O-O Re8 12. Qc2 h6 13. Ba3 Ne5 14. Nxe5
Bxe5 15. Nd2 Qh4 16. f4 Bxf4 17. Bxf7+ Kh8 18. Nf3 1-0

[Event "3. Hrvatska liga zapad 2017."]
[Site "Pula, Gospić, Rijeka"]
[Date "2017.04.08"]
[Round "4.1"]
[White "Tucakovic, Marko"]
[Black "Zezelj, Milan"]
[Result "0-1"]
[WhiteElo "1993"]
[BlackElo "1915"]
[PlyCount "93"]
[EventDate "2017.03.25"]

1. e4 Nc6 2. d4 e5 3. d5 Nce7 4. Nf3 Ng6 5. g3 Nf6 6. Nc3 Bb4 7. Qd3 O-O 8. Bg2
d6 9. Bd2 Nh5 10. h3 h6 11. Qe2 Nf6 12. O-O Nh7 13. Nd1 Bxd2 14. Nxd2 f5 15.
exf5 Bxf5 16. Ne3 Bd7 17. Ne4 Nf6 18. Kh2 Qe7 19. c4 b6 20. Rac1 Rae8 21. Qd3
Nh5 22. Qd1 Nf6 23. Qe2 Nf4 24. Qc2 Nxg2 25. Kxg2 Nh5 26. Nc3 Qg5 27. Kh2 Rf3
28. Ne4 Qg6 29. Nd2 Rxg3 30. Qxg6 Rxg6 31. Rg1 Rxg1 32. Rxg1 Nf4 33. Rg3 Rf8
34. f3 Kh7 35. h4 Ne2 36. Rg2 Nd4 37. Kg3 g6 38. Rf2 Nf5+ 39. Nxf5 gxf5 40. Rh2
f4+ 41. Kf2 Bf5 42. b4 a5 43. a3 axb4 44. axb4 Ra8 45. Rh1 Ra4 46. Rc1 Rxb4 47.
Ra1 0-1

[Event "3. Hrvatska liga zapad 2017."]
[Site "Pula, Gospić, Rijeka"]
[Date "2017.04.08"]
[Round "4.1"]
[White "Birk, Bojan"]
[Black "Fele, Vladimir"]
[Result "1/2-1/2"]
[WhiteElo "1973"]
[BlackElo "1921"]
[PlyCount "40"]
[EventDate "2017.03.25"]

1. e4 c6 2. d4 d5 3. Nc3 dxe4 4. Nxe4 Bf5 5. Ng3 Bg6 6. Nf3 e6 7. Bd3 Bd6 8.
O-O Nd7 9. Re1 Ne7 10. Bg5 Qb6 11. Rb1 Bxd3 12. Qxd3 Bxg3 13. hxg3 Ng6 14. Qa3
h6 15. Nh4 hxg5 16. Nxg6 fxg6 17. Rxe6+ Kd8 18. Qe7+ Kc7 19. Qd6+ Kc8 20. Re7
Rd8 1/2-1/2

[Event "3. Hrvatska liga zapad 2017."]
[Site "Pula, Gospić, Rijeka"]
[Date "2017.04.08"]
[Round "4.1"]
[White "Djuric, Petar"]
[Black "Mravic, Filip"]
[Result "1-0"]
[WhiteElo "1922"]
[BlackElo "1798"]
[PlyCount "57"]
[EventDate "2017.03.25"]

1. Nf3 Nf6 2. d4 d5 3. Bg5 Bf5 4. e3 e6 5. c4 c6 6. Nc3 Nbd7 7. Bd3 Bxd3 8.
Qxd3 Be7 9. O-O Nh5 10. Bxe7 Qxe7 11. e4 dxe4 12. Nxe4 Nhf6 13. Rfe1 Nxe4 14.
Qxe4 Nf6 15. Qc2 O-O 16. Rad1 Rfd8 17. h3 Rac8 18. Qa4 a6 19. c5 Nd5 20. Ne5 f5
21. Nc4 Qg5 22. Qb3 Rc7 23. Nd6 Re7 24. Re5 Nf4 25. Qf3 Ng6 26. Re2 Nf4 27. Re3
g6 28. Rde1 Nd5 29. Re5 1-0

[Event "3. Hrvatska liga zapad 2017."]
[Site "Pula, Gospić, Rijeka"]
[Date "2017.04.08"]
[Round "4.2"]
[White "Jezidzic, Gordan"]
[Black "Bakija, Davor"]
[Result "1/2-1/2"]
[WhiteElo "2000"]
[BlackElo "1980"]
[PlyCount "25"]
[EventDate "2017.03.25"]

1. d4 Nf6 2. c4 d6 3. Nf3 g6 4. Nc3 Nbd7 5. e4 Bg7 6. Be2 O-O 7. O-O c5 8. Re1
cxd4 9. Nxd4 Nc5 10. Bf1 Ne6 11. Nc2 Bd7 12. Ne3 Re8 13. Ned5 1/2-1/2

[Event "3. Hrvatska liga zapad 2017."]
[Site "Pula, Gospić, Rijeka"]
[Date "2017.04.08"]
[Round "4.2"]
[White "Rajkovic, Italo"]
[Black "Zrilic, Bozo"]
[Result "1/2-1/2"]
[WhiteElo "1973"]
[BlackElo "1902"]
[PlyCount "25"]
[EventDate "2017.03.25"]

1. e4 c5 2. Nf3 a6 3. a4 b6 4. Bc4 e6 5. Nc3 Bb7 6. Qe2 Nc6 7. d3 Be7 8. O-O
Qc7 9. h3 d6 10. Bf4 Ne5 11. Nxe5 dxe5 12. Bd2 Nf6 13. Nd1 1/2-1/2

[Event "3. Hrvatska liga zapad 2017."]
[Site "Pula, Gospić, Rijeka"]
[Date "2017.04.08"]
[Round "4.2"]
[White "Piacun, Eduard"]
[Black "Pilepic, Slobodan"]
[Result "1-0"]
[WhiteElo "1939"]
[BlackElo "1845"]
[PlyCount "75"]
[EventDate "2017.03.25"]

1. e4 e5 2. Nf3 Nc6 3. Bb5 a6 4. Ba4 Nf6 5. O-O Be7 6. Re1 b5 7. Bb3 d6 8. c3
O-O 9. h3 Na5 10. Bc2 d5 11. exd5 Nxd5 12. Nxe5 f6 13. Nf3 Bd6 14. d4 Bb7 15.
Nbd2 Bf4 16. Ne4 Bxc1 17. Rxc1 Nf4 18. Qd2 g5 19. b3 Rc8 20. c4 c6 21. c5 Ba8
22. Nd6 Rb8 23. Bb1 Nb7 24. Qc2 Qc7 25. Nf5 Rbe8 26. Rxe8 Rxe8 27. Re1 Rxe1+
28. Nxe1 Nd8 29. Qe4 Qd7 30. Nd3 Nde6 31. Nxf4 Nxf4 32. Nd6 Bb7 33. Nxb7 Qxb7
34. Qe8+ Kg7 35. g3 Nd5 36. Bf5 Ne7 37. Be6 Nd5 38. Bxd5 1-0

[Event "3. Hrvatska liga zapad 2017."]
[Site "Pula, Gospić, Rijeka"]
[Date "2017.04.08"]
[Round "4.2"]
[White "Saric, Husnija"]
[Black "Mazuran, Gabrijel"]
[Result "1/2-1/2"]
[WhiteElo "1830"]
[BlackElo "1774"]
[PlyCount "73"]
[EventDate "2017.03.25"]

1. d4 Nf6 2. e3 d5 3. a3 e6 4. Nd2 c5 5. dxc5 Bxc5 6. b4 Be7 7. Bb2 O-O 8. Ngf3
a5 9. b5 Nbd7 10. Be2 b6 11. O-O Bb7 12. c4 dxc4 13. Nxc4 Bd5 14. Nd4 Qc7 15.
Rc1 Nc5 16. a4 Rfd8 17. Nd2 Nfe4 18. f3 Nxd2 19. Qxd2 Rac8 20. Qc2 Qb7 21. Bd3
Nb3 22. Bxh7+ Kh8 23. Nc6 Nxc1 24. Rxc1 Bxc6 25. bxc6 Qc7 26. f4 Qd6 27. Bd4 f5
28. Bg6 Bf6 29. Bxb6 Qd3 30. Bxd8 Qxe3+ 31. Kh1 Bxd8 32. Qd1 Kg8 33. Be8 Bc7
34. Bd7 Rb8 35. Qe1 Qxf4 36. Bxe6+ Kf8 37. Qg1 1/2-1/2

[Event "3. Hrvatska liga zapad 2017."]
[Site "Pula, Gospić, Rijeka"]
[Date "2017.04.08"]
[Round "4.3"]
[White "Vujnovic, Patricija"]
[Black "Gall, Toni Peter"]
[Result "0-1"]
[WhiteElo "2119"]
[BlackElo "1725"]
[PlyCount "84"]
[EventDate "2017.03.25"]

1. d4 g6 2. e4 d6 3. Be3 Bg7 4. Nc3 Nf6 5. f3 c6 6. Qd2 a5 7. h4 h5 8. a4 Nbd7
9. Nh3 e5 10. Ng5 O-O 11. O-O-O Qe7 12. Be2 d5 13. exd5 cxd5 14. g4 exd4 15.
Bxd4 Nc5 16. gxh5 gxh5 17. Bb5 Bf5 18. Qf4 Bg6 19. Bxf6 Qxf6 20. Qxf6 Bxf6 21.
Nxd5 Bd8 22. Nf4 Rc8 23. Nxg6 Bxg5+ 24. hxg5 fxg6 25. Rd6 Kg7 26. Bd3 Rc6 27.
Rxc6 bxc6 28. Be4 Nxe4 29. fxe4 Re8 30. Rd1 Rxe4 31. Rd7+ Kf8 32. Rd6 Kf7 33.
Rf6+ Kg7 34. Rxc6 Re5 35. Rc7+ Kf8 36. c3 Rxg5 37. Kc2 h4 38. b4 axb4 39. cxb4
h3 40. Kd3 h2 41. Rc1 Rg1 42. Rc8+ Kg7 0-1

[Event "3. Hrvatska liga zapad 2017."]
[Site "Pula, Gospić, Rijeka"]
[Date "2017.04.08"]
[Round "4.3"]
[White "Causevic, Miro"]
[Black "Sercer, Zoran"]
[Result "0-1"]
[WhiteElo "1643"]
[BlackElo "2100"]
[PlyCount "55"]
[EventDate "2017.03.25"]

1. e4 c6 2. f4 d5 3. e5 c5 4. Nf3 Nc6 5. c3 e6 6. Bb5 Bd7 7. Bxc6 bxc6 8. c4
Ne7 9. Qc2 Nf5 10. O-O h5 11. Nc3 g6 12. Ne2 Qb6 13. b3 Be7 14. Ng3 Nh6 15. Bb2
h4 16. Ne2 Nf5 17. h3 Rd8 18. Kh2 Bc8 19. Ng5 Bxg5 20. fxg5 Qc7 21. Rae1 Rh5
22. g4 hxg3+ 23. Kg2 Qe7 24. Ng1 Nh4+ 25. Kxg3 Qxg5+ 26. Kf2 Qg2+ 27. Ke3 Rf5
28. Qd1 0-1

[Event "3. Hrvatska liga zapad 2017."]
[Site "Pula, Gospić, Rijeka"]
[Date "2017.04.08"]
[Round "4.3"]
[White "Kvaternik, Kresimir"]
[Black "Desnica, Lara"]
[Result "1-0"]
[WhiteElo "1951"]
[BlackElo "1349"]
[PlyCount "83"]
[EventDate "2017.03.25"]

1. e4 e5 2. Nf3 Nf6 3. d4 exd4 4. e5 Ne4 5. Qxd4 d5 6. exd6 Nxd6 7. Bg5 f6 8.
Bf4 Nc6 9. Qe3+ Be7 10. Bxd6 Qxd6 11. Bc4 Bf5 12. O-O O-O-O 13. Na3 Kb8 14. Bb3
g5 15. Nc4 Qd7 16. Rad1 Bd6 17. Nxd6 cxd6 18. Nd4 Rhe8 19. Qc3 Nxd4 20. Qxd4
Rf8 21. Rfe1 h5 22. Re3 h4 23. Rde1 g4 24. Bd5 Rde8 25. Qf4 g3 26. hxg3 hxg3
27. Rxe8+ Rxe8 28. Rxe8+ Qxe8 29. Qxd6+ Ka8 30. Qxg3 Qe1+ 31. Kh2 Qe8 32. Bf3
Qh8+ 33. Kg1 Qe8 34. Qc7 Qb8 35. Qxb8+ Kxb8 36. c4 Kc7 37. Kf1 b6 38. Ke2 Kd6
39. b4 a5 40. a3 axb4 41. axb4 Bd7 42. Ke3 1-0

[Event "3. Hrvatska liga zapad 2017."]
[Site "Pula, Gospić, Rijeka"]
[Date "2017.04.08"]
[Round "4.5"]
[White "Jerkovic, Maroje"]
[Black "Dimitrijevic, Sinisa"]
[Result "1-0"]
[WhiteElo "2104"]
[BlackElo "2016"]
[PlyCount "43"]
[EventDate "2017.03.25"]

1. f4 Nf6 2. Nf3 g6 3. g3 Bg7 4. Bg2 O-O 5. O-O c5 6. d3 Nc6 7. e4 d6 8. h3 Qc7
9. g4 h5 10. g5 Nd7 11. Nc3 e6 12. f5 Bd4+ 13. Kh1 a6 14. Nh4 Kh7 15. Ne2 Be5
16. c3 d5 17. exd5 exd5 18. Nf4 Bxf4 19. Bxf4 Qb6 20. Bxd5 Ne7 21. Be4 Kh8 22.
Bg3 1-0

[Event "3. Hrvatska liga zapad 2017."]
[Site "Pula, Gospić, Rijeka"]
[Date "2017.04.08"]
[Round "4.5"]
[White "Vrhovnik, Damir"]
[Black "Ban, Ivoslav"]
[Result "1-0"]
[WhiteElo "2049"]
[BlackElo "1994"]
[PlyCount "125"]
[EventDate "2017.03.25"]

1. Nf3 b6 2. g3 Bb7 3. Bg2 c5 4. O-O Nf6 5. c4 g6 6. Nc3 Bg7 7. Re1 O-O 8. e4
d6 9. d4 cxd4 10. Nxd4 Qd7 11. Be3 Nc6 12. Qd2 Rfd8 13. Rad1 Rac8 14. b3 Qc7
15. Nd5 Qd7 16. Nxc6 Bxc6 17. Bh6 Qe8 18. Bxg7 Kxg7 19. Nxf6 Kxf6 20. Qh6 e5
21. Qxh7 Ke7 22. f4 Qh8 23. Qxh8 Rxh8 24. Rd2 f6 25. Red1 Rcd8 26. fxe5 fxe5
27. Rf2 Rdf8 28. Rdf1 Rxf2 29. Rxf2 g5 30. Bf3 Rh6 31. Kf1 Rh8 32. Ke1 b5 33.
cxb5 Bxb5 34. Bg4 Rf8 35. Rxf8 Kxf8 36. Kd2 Ke7 37. a4 Bc6 38. Bf3 a5 39. Ke3
Kf6 40. Be2 d5 41. exd5 Bxd5 42. Bc4 Bc6 43. b4 axb4 44. a5 Kf5 45. a6 Ba8 46.
a7 g4 47. Bb3 Bc6 48. Bc2+ e4 49. Kd4 Ba8 50. Bb3 e3 51. Kxe3 Ke5 52. Bd1 Kd6
53. Bxg4 b3 54. Kd2 Kc7 55. Kc3 Kb6 56. Kxb3 Kxa7 57. Kc4 Kb8 58. Kd4 Kc7 59.
Ke5 Kd8 60. Kf6 Ke8 61. Be6 Kf8 62. g4 Be4 63. h4 1-0

[Event "3. Hrvatska liga zapad 2017."]
[Site "Pula, Gospić, Rijeka"]
[Date "2017.04.08"]
[Round "4.5"]
[White "Petric, Ivica"]
[Black "Rajter, Emil"]
[Result "1-0"]
[WhiteElo "1917"]
[BlackElo "1907"]
[PlyCount "89"]
[EventDate "2017.03.25"]

1. e4 e5 2. Nf3 Nc6 3. Bb5 a6 4. Bxc6 bxc6 5. d4 exd4 6. Qxd4 Nf6 7. Nc3 d5 8.
Bg5 Be7 9. e5 Nd7 10. e6 fxe6 11. Qxg7 Bf6 12. Qh6 Qe7 13. Bxf6 Qxf6 14. Qxf6
Nxf6 15. Ne5 Rg8 16. O-O a5 17. Rfe1 Bd7 18. Na4 Ne4 19. f3 Ng5 20. Nc5 Bc8 21.
h4 Nh3+ 22. Kh2 Nf4 23. g3 Nh5 24. Ng4 Ke7 25. Re5 Nf6 26. Nxf6 Kxf6 27. Rae1
Rb8 28. b3 Re8 29. f4 Rb5 30. Nd3 a4 31. f5 axb3 32. axb3 Bd7 33. g4 h6 34. b4
Rbb8 35. Nc5 Bc8 36. c3 Rg8 37. fxe6 Ke7 38. g5 Ra8 39. R1e2 h5 40. Rf2 Kd6 41.
Re3 Re8 42. e7 Rxe7 43. Rf6+ Be6 44. Rfxe6+ Rxe6 45. Rxe6# 1-0

[Event "3. Hrvatska liga zapad 2017."]
[Site "Pula, Gospić, Rijeka"]
[Date "2017.04.08"]
[Round "4.5"]
[White "Duda, Daniel"]
[Black "Relja, Marin"]
[Result "0-1"]
[WhiteElo "1857"]
[BlackElo "1984"]
[PlyCount "88"]
[EventDate "2017.03.25"]

1. d4 g6 2. c4 Bg7 3. Nc3 c5 4. d5 d6 5. e4 Bxc3+ 6. bxc3 Qa5 7. Qc2 Bd7 8. Bd3
Ba4 9. Qb2 Nd7 10. f4 O-O-O 11. Nf3 f6 12. O-O Nh6 13. h3 Nf7 14. Be3 Rdg8 15.
Rab1 b6 16. Nd2 g5 17. Qa3 gxf4 18. Bxf4 Nde5 19. Be2 Qa6 20. Kh2 h5 21. Rfc1
Ng6 22. Be3 Nfe5 23. Rf1 Nh4 24. Rf2 Rg7 25. g3 Nhg6 26. Rf5 Rgh7 27. Rbf1 Kb7
28. Qb2 Bd7 29. R5f2 Ng4+ 30. Bxg4 hxg4 31. h4 Ne5 32. Qb3 Ba4 33. Qb2 Nxc4 34.
Nxc4 Qxc4 35. Rf4 Qd3 36. Qd2 Qxd2+ 37. Bxd2 Bb5 38. R1f2 Rg8 39. Be3 Rh5 40.
Rf5 Rgh8 41. Kg1 Bd3 42. Rxh5 Rxh5 43. Rd2 c4 44. Rb2 Re5 0-1

[Event "3. Hrvatska liga zapad 2017."]
[Site "Pula, Gospić, Rijeka"]
[Date "2017.04.08"]
[Round "4.5"]
[White "Kovacic, Dragutin"]
[Black "Kvaternik, Sinisa"]
[Result "0-1"]
[WhiteElo "2006"]
[BlackElo "1882"]
[PlyCount "72"]
[EventDate "2017.03.25"]

1. e4 e5 2. Nc3 Nf6 3. Bc4 Bc5 4. d3 h6 5. a3 Nc6 6. h3 Ne7 7. Nge2 c6 8. b4
Bb6 9. Bb3 d5 10. Ng3 O-O 11. O-O Ng6 12. Na4 Be6 13. Nxb6 axb6 14. Qe2 Qd7 15.
Kh2 b5 16. exd5 Nxd5 17. Bxd5 Bxd5 18. c4 bxc4 19. dxc4 Be6 20. Bb2 f6 21. Nh5
Qf7 22. Rac1 Rfd8 23. c5 Rd7 24. Rfd1 Rad8 25. Rxd7 Qxd7 26. Bc3 Qd5 27. Rc2
Qd3 28. Rd2 Qxe2 29. Rxe2 Rd3 30. Re3 Rd1 31. f4 Rd5 32. g4 Bf7 33. fxe5 fxe5
34. Ng3 Nh4 35. Ne4 Rd1 36. Be1 Rxe1 0-1

[Event "3. Hrvatska liga zapad 2017."]
[Site "Pula, Gospić, Rijeka"]
[Date "2017.04.08"]
[Round "4.5"]
[White "Jurotic, Nino"]
[Black "Dizdarevic, Mirsad"]
[Result "1-0"]
[WhiteElo "1580"]
[BlackElo "1853"]
[PlyCount "95"]
[EventDate "2017.03.25"]

1. d4 Nf6 2. c4 c5 3. e3 e6 4. Nf3 Be7 5. Nc3 cxd4 6. Nxd4 d5 7. cxd5 Nxd5 8.
Bb5+ Bd7 9. Nxd5 exd5 10. Qb3 Bxb5 11. Qxb5+ Qd7 12. Bd2 O-O 13. Rc1 Qxb5 14.
Nxb5 Nc6 15. Bc3 Rfd8 16. Ke2 a6 17. Nd4 Rac8 18. a3 g6 19. Kd2 Ne5 20. a4 Rd7
21. Rc2 Rdc7 22. Ba5 Nc4+ 23. Rxc4 Rxc4 24. b3 R4c5 25. Bb6 R5c7 26. Bxc7 Rxc7
27. Rc1 Bb4+ 28. Kd1 Rxc1+ 29. Kxc1 Kf8 30. Kc2 Ke7 31. Kd3 Kd6 32. Nc2 Kc5 33.
Nxb4 Kxb4 34. Kc2 Ka3 35. Kc3 b5 36. axb5 axb5 37. b4 f5 38. f3 h5 39. g4 Ka4
40. g5 Ka3 41. Kd4 Kxb4 42. Kxd5 Ka4 43. e4 fxe4 44. fxe4 b4 45. e5 b3 46. e6
b2 47. e7 b1=Q 48. e8=Q+ 1-0

[Event "3. Hrvatska liga zapad 2017."]
[Site "Pula, Gospić, Rijeka"]
[Date "2017.04.09"]
[Round "5.1"]
[White "Vrhovnik, Damir"]
[Black "Zoricic, Marijan"]
[Result "0-1"]
[WhiteElo "2049"]
[BlackElo "2051"]
[PlyCount "72"]
[EventDate "2017.03.25"]

1. Nf3 d5 2. c4 c6 3. g3 Nf6 4. Bg2 e6 5. b3 Be7 6. Bb2 O-O 7. O-O Nbd7 8. d3
b6 9. e3 Bb7 10. Qe2 dxc4 11. bxc4 c5 12. Nc3 a6 13. Ne1 Bxg2 14. Nxg2 Qc7 15.
g4 Rfb8 16. a4 Ne8 17. f4 Qc6 18. f5 Bf6 19. Nf4 Rd8 20. fxe6 fxe6 21. Nh5 h6
22. Nxf6+ Nexf6 23. h4 Nh7 24. g5 Ne5 25. gxh6 Nxd3 26. Qg4 Rd7 27. Ne4 Nxb2
28. Nf6+ Nxf6 29. Rxf6 Kh8 30. Rxe6 Qc7 31. Rf1 gxh6 32. Rxh6+ Rh7 33. Rff6 Rg8
34. Rhg6 Qd8 35. h5 Qd1+ 36. Qxd1 Nxd1 0-1

[Event "3. Hrvatska liga zapad 2017."]
[Site "Pula, Gospić, Rijeka"]
[Date "2017.04.09"]
[Round "5.1"]
[White "Fele, Vladimir"]
[Black "Rajter, Emil"]
[Result "0-1"]
[WhiteElo "1921"]
[BlackElo "1907"]
[PlyCount "54"]
[EventDate "2017.03.25"]

1. d4 Nf6 2. c4 e6 3. Nc3 Bb4 4. Bd2 d5 5. e3 O-O 6. Nf3 Nbd7 7. a3 Be7 8. Bd3
dxc4 9. Bxc4 c5 10. O-O b6 11. d5 exd5 12. Nxd5 Bb7 13. Nxe7+ Qxe7 14. Bc3 Ne4
15. Rc1 Rad8 16. Qe2 Ndf6 17. Be5 Ng5 18. Bg3 Bxf3 19. gxf3 Rd2 20. h4 Rxe2 21.
Bxe2 Ne6 22. Rfd1 Nd4 23. Kf1 Nxe2 24. Kxe2 Rd8 25. Rxd8+ Qxd8 26. Rd1 Qe8 27.
Rd2 h6 0-1

[Event "3. Hrvatska liga zapad 2017."]
[Site "Pula, Gospić, Rijeka"]
[Date "2017.04.09"]
[Round "5.1"]
[White "Duda, Daniel"]
[Black "Djuric, Petar"]
[Result "1/2-1/2"]
[WhiteElo "1857"]
[BlackElo "1922"]
[PlyCount "38"]
[EventDate "2017.03.25"]

1. d4 Nf6 2. c4 d5 3. Nc3 c6 4. e3 g6 5. Nf3 Bg7 6. Bd3 O-O 7. h3 Re8 8. O-O
Bf5 9. Bxf5 gxf5 10. b3 e6 11. Bb2 Kh8 12. Ne5 Kg8 13. Rc1 Nbd7 14. Nxd7 Qxd7
15. Qe2 Kh8 16. f3 Bh6 17. Rc2 Nh5 18. Qf2 Rg8 19. Re1 Rg6 1/2-1/2

[Event "3. Hrvatska liga zapad 2017."]
[Site "Pula, Gospić, Rijeka"]
[Date "2017.04.09"]
[Round "5.1"]
[White "Jurman, Nenad"]
[Black "Kvaternik, Sinisa"]
[Result "1-0"]
[WhiteElo "1841"]
[BlackElo "1882"]
[PlyCount "103"]
[EventDate "2017.03.25"]

1. Nf3 Nf6 2. d4 d5 3. e3 Bf5 4. Bd3 Bxd3 5. cxd3 e6 6. Qb3 b6 7. Ne5 Bd6 8.
Qa4+ Nfd7 9. O-O O-O 10. f4 Bxe5 11. fxe5 f6 12. exf6 Rxf6 13. Nd2 c5 14. Nf3
Qc7 15. e4 Nc6 16. Bg5 Rf7 17. Rac1 Rb8 18. exd5 exd5 19. Qb3 Qd6 20. Bh4 Na5
21. Qa4 Qc6 22. Qd1 Nb7 23. Qe2 Rbf8 24. Ne5 Nxe5 25. dxe5 d4 26. Rxf7 Rxf7 27.
e6 Rf8 28. e7 Re8 29. Rf1 h6 30. Qf2 Qg6 31. Qf8+ Kh7 32. Qxe8 Qxe8 33. Rf8 Nd6
34. Rxe8 Nxe8 35. Bg3 a6 36. Bb8 b5 37. Ba7 c4 38. Bxd4 cxd3 39. Kf2 Kg6 40.
Ke3 d2 41. Kxd2 Kf7 42. Bc5 Nf6 43. Kd3 Nd5 44. Ke4 Nxe7 45. Bxe7 Kxe7 46. Kd5
Kd7 47. b4 g6 48. h4 Ke7 49. Kc6 Ke6 50. Kb6 Kd6 51. Kxa6 Kc6 52. Ka5 1-0

[Event "3. Hrvatska liga zapad 2017."]
[Site "Pula, Gospić, Rijeka"]
[Date "2017.04.09"]
[Round "5.1"]
[White "Glad, Ranko"]
[Black "Zbasnik, Zeljko"]
[Result "1/2-1/2"]
[WhiteElo "1721"]
[BlackElo "1792"]
[PlyCount "72"]
[EventDate "2017.03.25"]

1. c4 b6 2. d4 e6 3. Nc3 Bb7 4. Nf3 Nf6 5. Bg5 Be7 6. e3 h6 7. Bh4 Ne4 8. Bxe7
Qxe7 9. Nxe4 Bxe4 10. a3 O-O 11. Bd3 Bxd3 12. Qxd3 d5 13. Rc1 Rc8 14. O-O Nd7
15. b4 a5 16. b5 c5 17. a4 g6 18. Nd2 Rab8 19. f4 cxd4 20. exd4 Qb4 21. cxd5
exd5 22. Rc6 Kg7 23. Rfc1 Rxc6 24. bxc6 Nf6 25. c7 Rc8 26. f5 g5 27. Nf3 Qd6
28. Qc2 Ne8 29. f6+ Qxf6 30. Qc6 Rxc7 31. Qxf6+ Kxf6 32. Rb1 Rc4 33. Rxb6+ Kg7
34. Rb5 Rxa4 35. Rxd5 Ra1+ 36. Kf2 a4 1/2-1/2

[Event "3. Hrvatska liga zapad 2017."]
[Site "Pula, Gospić, Rijeka"]
[Date "2017.04.09"]
[Round "5.1"]
[White "Haidinger, Erik"]
[Black "Stracenski, Janko"]
[Result "1-0"]
[WhiteElo "1720"]
[BlackElo "1706"]
[PlyCount "73"]
[EventDate "2017.03.25"]

1. c4 Nf6 2. g3 c6 3. Bg2 e5 4. d4 exd4 5. Qxd4 a5 6. Nc3 Na6 7. Bg5 Nb4 8. Rc1
Be7 9. e4 O-O 10. Nge2 Bc5 11. Qd2 h6 12. Be3 Bxe3 13. Qxe3 Re8 14. a3 Ng4 15.
Qd4 Na6 16. O-O Nc7 17. h3 Ne6 18. Qd6 Nf6 19. b4 Ng5 20. e5 Re6 21. Qd4 Ne8
22. f4 Nh7 23. Ne4 axb4 24. axb4 Qe7 25. Nc5 d6 26. Nxe6 Bxe6 27. Rcd1 dxe5 28.
Qxe5 Qxb4 29. f5 Bxc4 30. Qd4 Ra4 31. Nc3 Ra3 32. Ne4 b5 33. Rb1 Qf8 34. Rfd1
Bd5 35. Kh2 Qe7 36. Qc5 Qe5 37. Qxa3 1-0

[Event "3. Hrvatska liga zapad 2017."]
[Site "Pula, Gospić, Rijeka"]
[Date "2017.04.09"]
[Round "5.2"]
[White "Rajkovic, Frano"]
[Black "Kukuljan, Vlatko"]
[Result "1-0"]
[WhiteElo "1829"]
[BlackElo "2024"]
[PlyCount "45"]
[EventDate "2017.03.25"]

1. d4 d5 2. Nf3 Nf6 3. Bf4 Bf5 4. e3 e6 5. Ne5 Nbd7 6. g4 Be4 7. f3 Bg6 8. h4
h5 9. Nxg6 fxg6 10. Bd3 Kf7 11. Nd2 Bd6 12. Bxd6 cxd6 13. c3 Ng8 14. Qe2 Qa5
15. e4 Ne7 16. Nb3 Qc7 17. O-O-O dxe4 18. fxe4 e5 19. Bc4+ Ke8 20. Rhf1 hxg4
21. Bf7+ Kf8 22. dxe5 Nxe5 23. Nd4 1-0

[Event "3. Hrvatska liga zapad 2017."]
[Site "Pula, Gospić, Rijeka"]
[Date "2017.04.09"]
[Round "5.2"]
[White "Jerkovic, Maroje"]
[Black "Pahljina, Marko"]
[Result "1/2-1/2"]
[WhiteElo "2104"]
[BlackElo "1922"]
[PlyCount "84"]
[EventDate "2017.03.25"]

1. e4 d6 2. f4 Nf6 3. d3 e5 4. Nf3 Nbd7 5. Be2 Be7 6. O-O O-O 7. Nc3 c6 8. Qe1
Qc7 9. Nh4 Nc5 10. Qg3 Kh8 11. Be3 b6 12. Rf2 exf4 13. Bxf4 Qd8 14. Nf5 Bxf5
15. exf5 Qd7 16. Qh3 d5 17. Bf3 Nb7 18. Be5 Rfe8 19. Re2 Bc5+ 20. Kh1 Nd6 21.
g4 d4 22. g5 Rxe5 23. Rxe5 dxc3 24. gxf6 gxf6 25. Rxc5 cxb2 26. Rg1 b1=Q 27.
Rxb1 bxc5 28. Be4 Re8 29. Qh4 Nxe4 30. dxe4 Qd4 31. Re1 Rg8 32. Qf4 Qc3 33. Rg1
Rxg1+ 34. Kxg1 Qe5 35. Qxe5 fxe5 36. Kf2 Kg7 37. Kg3 c4 38. c3 Kf6 39. Kg4 a6
40. Kh5 Kg7 41. Kg5 h6+ 42. Kh5 f6 1/2-1/2

[Event "3. Hrvatska liga zapad 2017."]
[Site "Pula, Gospić, Rijeka"]
[Date "2017.04.09"]
[Round "5.2"]
[White "Valkovic, Valter"]
[Black "Ban, Ivoslav"]
[Result "0-1"]
[WhiteElo "1822"]
[BlackElo "1994"]
[PlyCount "80"]
[EventDate "2017.03.25"]

1. d4 Nf6 2. Bf4 d5 3. Nf3 Bf5 4. Nc3 c6 5. e3 h6 6. Bd3 Bxd3 7. Qxd3 Nbd7 8.
O-O e6 9. a3 Be7 10. h3 O-O 11. b4 b5 12. Ne5 Nxe5 13. Bxe5 Nd7 14. Bg3 Nb6 15.
e4 Nc4 16. e5 a5 17. Na2 Qb6 18. bxa5 Qxa5 19. a4 Qxa4 20. Nc3 Qxa1 21. Rxa1
Rxa1+ 22. Kh2 Ra3 23. Qd1 Rxc3 24. Qa1 Ra3 25. Qd1 Rfa8 26. Qg4 Rxg3 27. Qxg3
Ra3 28. Qg4 c5 29. f4 Ne3 30. Qe2 c4 31. c3 Rxc3 32. Qa2 Ra3 33. Qb1 b4 34. g4
b3 35. f5 c3 36. fxe6 c2 37. exf7+ Kxf7 38. Qh1 b2 39. Qf3+ Kg8 40. e6 Bd6+ 0-1

[Event "3. Hrvatska liga zapad 2017."]
[Site "Pula, Gospić, Rijeka"]
[Date "2017.04.09"]
[Round "5.2"]
[White "Relja, Marin"]
[Black "Hadzipasic, Suad"]
[Result "1-0"]
[WhiteElo "1984"]
[BlackElo "1732"]
[PlyCount "63"]
[EventDate "2017.03.25"]

1. b3 d5 2. Bb2 c5 3. e3 Nc6 4. Nf3 Nf6 5. Bb5 a6 6. Bxc6+ bxc6 7. Ne5 Qc7 8.
O-O e6 9. f4 Bb7 10. d3 O-O-O 11. Nd2 Bd6 12. Qe2 Ne8 13. Rae1 f6 14. Nef3 Qb6
15. Kh1 Nc7 16. g3 a5 17. a4 Rde8 18. e4 Kb8 19. Bc3 Ba6 20. Nb1 Bc8 21. Qd2
Na6 22. Bxa5 Qb7 23. Bc3 h5 24. Kg2 Qf7 25. Nh4 d4 26. Ba5 e5 27. f5 Reg8 28.
Qf2 Rh6 29. Bd2 Nb4 30. Na3 Nxd3 31. cxd3 Qxb3 32. Rb1 1-0